| 000 | 00799nam a2200253Ia 4500 | ||
|---|---|---|---|
| 003 | OSt | ||
| 005 | 20220918170854.0 | ||
| 006 | a|||||r|||| 00| 0 | ||
| 007 | ta | ||
| 008 | 220917b |||||||| |||| 00| 0 eng d | ||
| 020 |
_a9780749466022 (pbk) _c595 |
||
| 024 | _a269,885 | ||
| 037 |
_b228, 12/02/2013, Om Book Distributors _cTextual |
||
| 040 |
_aARTS _cARTS _beng |
||
| 041 |
_2eng _aeng |
||
| 082 | _aL:50bX:8, Q3 | ||
| 100 |
_aStanford Naomi _931874 |
||
| 245 | 0 |
_aOrganizational health _b An integrated approach to building optimum performance |
|
| 260 |
_aLondon _bKogan Page UK _c2013 |
||
| 300 |
_axiv,239p. _ccm. |
||
| 650 |
_aMEDICINE _94387 |
||
| 942 |
_hL:50bX:8, Q3 _cTEXL _2CC |
||
| 999 |
_c136374 _d136374 |
||